000 00305nam a22001217a 4500
008 160421b xxu||||| |||| 00| 0 eng d
020 _a9780130483973
020 _a0130483974
041 _aeng
080 _a618.2
245 _aMedical surgical nursing:
_cPriscilla LeMone;Karen M. Burke;
942 _2udc
_cBK
999 _c1500
_d1500